000 00533nam a22001697a 4500
003 OSt
005 20260129035605.0
008 260129b |||||||| |||| 00| 0 eng d
020 _a971-542-281-0
040 _aDWC-Main Lib.
_cOC
082 _aFil. 899.211 M437w 2001
100 _aMatute, Genoveva E.
245 _aMay isang panahon :
_bmga kuwento sanaysay tula/
_cGenoveva E. Matute
260 _aPhilippines :
_bUniversity of the Philippines press,
_cc2001.
300 _a181 p. ;
_c23 cm.
942 _2ddc
_cBK - FIL
_hFil.
_n0
999 _c7955
_d7955